Cuerpo Humano por Letra - F - Estadísticas

Estadísticas generales
  • Esta prueba ha sido intentada 195 veces
  • La puntuación promedio es 11 de 15
Estadísticas de respuestas
Definición Respuesta % Correcto
Cada uno de los dos tubos largos y delgados que conectan los ovarios con el útero. Trompas de {Falopio}
99%
Hueso más fuerte del cuerpo humano. Fémur
98%
Aumento temporal en la temperatura del cuerpo en respuesta a alguna enfermedad. Fiebre
98%
Parte superior de la cara. Frente
98%
Conducto por donde pasa el aire a la laringe y los pulmones Faringe
92%
Rotura de un hueso. Fractura
92%
Bebé en gestación desde la 8va semana a partir de la fecundación hasta el nacimiento. Feto
90%
Fusión de los gametos masculino y femenino. Fecundación
74%
Acción y efecto de doblar el cuerpo o algún miembro. Flexión
74%
Capacidad de reproducirse (tener descendencia). Fertilidad
63%
Tejido compuesto de células filiformes {Fibra} Muscular
59%
Membrana que sujeta la lengua por la parte inferior. Frenillo
52%
El médico las utiliza para guiar la cabeza del bebé fuera de la vía del parto. Fórceps
40%
Apéndice delgado parecido a un látigo que sobresale del cuerpo de la célula Flagelo
38%
Tipo de célula que puede destruir microorganismos y eliminar células muertas. Fagocito
35%
No se encontraron pruebas coincidentes
Distribución de puntuación
Porcentaje de gente con cada puntuación
Porcentaje por número respondido
Historial de tus puntuaciones
No has intentado esta prueba.